| 000 | 00364nam a2200145Ia 4500 | ||
|---|---|---|---|
| 008 | 150201s2006 xx 000 0 und d | ||
| 082 |
_a618.92 _bP06S |
||
| 100 | _aSACHDEV, HPS | ||
| 245 | _aPRINCIPLES OF PEDIATRIC AND NEONATAL EMERGENCIES | ||
| 250 | _a2ND | ||
| 260 |
_bJAYPEE BROTHERS _aDELHI _c2006 |
||
| 300 | _a1-727 | ||
| 650 | _aPAEDIATRICS | ||
| 942 |
_2ddc _cBK |
||
| 999 |
_c66 _d66 |
||